[Event "IND-chT (Women) 13th"]
[Site "Goa"]
[Date "2015.02.22"]
[Round "3"]
[White "Pammi, Rani"]
[Black "Mahalakshmi, Muganda Kumar"]
[Result "0-1"]
[WhiteElo "1525"]
[BlackElo "1992"]
[PlyCount "72"]
[EventDate "2015.02.20"]
[EventType "team-tourn"]
[EventRounds "7"]
[EventCountry "IND"]
[SourceTitle "CBM 165 Extra"]
[Source "ChessBase"]
[SourceDate "2015.04.21"]
[SourceVersion "1"]
[SourceVersionDate "2015.04.21"]
[SourceQuality "1"]
[WhiteTeam "Bihar (W)"]
[BlackTeam "Petroleum Sports (W)"]
[WhiteTeamCountry "IND"]
[BlackTeamCountry "IND"]

1. e4 c6 2. d4 d5 3. e5 Bf5 4. Bd3 Bxd3 5. Qxd3 e6 6. Nf3 Qa5+ 7. Bd2 Qa6 8. Qxa6 Nxa6 9. a3 c5 10. c3 c4 11. 0-0 Ne7 12. Re1 Nc8 13. Bg5 Nb6 14. Nbd2 Na4 15. Rab1 Rc8 16. Nf1 Rc6 17. Bc1 Rb6 18. N3d2 Be7 19. f4 Kd7 20. Ne3 Nb8 21. Nc2 Rb5 22. Nb4 Rc8 23. Na2 Rc6 24. Nb4 Rcb6 25. Re3 a5 26. Nc2 Nxb2 27. Bxb2 Rxb2 28. Rc1 Ra2 29. Nf3 Rbb2 30. Nce1 Bxa3 31. Rd1 h6 32. Nh4 Be7 33. Nhf3 a4 34. h3 a3 35. Kf1 Nc6 36. Ng1 Rf2# 0-1

[Event "IND-chB (Women) 38th"]
[Site "Chennai"]
[Date "2011.07.02"]
[Round "1"]
[White "Pammi, Rani"]
[Black "Savetha, CH."]
[Result "0-1"]
[WhiteElo "1620"]
[BlackElo "1992"]
[PlyCount "106"]
[EventDate "2011.07.02"]
[EventType "swiss"]
[EventRounds "11"]
[EventCountry "IND"]
[SourceTitle "CBM 143 Extra"]
[Source "ChessBase"]
[SourceDate "2011.08.29"]
[SourceVersion "1"]
[SourceVersionDate "2011.08.29"]
[SourceQuality "1"]

1. e4 c5 2. Nf3 Nc6 3. d4 cxd4 4. Nxd4 Nf6 5. Nc3 e5 6. Ndb5 d6 7. Bg5 a6 8. Na3 b5 9. Bxf6 gxf6 10. Nd5 Bg7 11. c3 Be6 12. Nc2 0-0 13. Nce3 Ne7 14. Qf3 Nxd5 15. Nxd5 Rc8 16. Ne3 Qd7 17. Bd3 Rc5 18. 0-0 Rb8 19. Rfd1 b4 20. c4 Kh8 21. b3 Rg8 22. Bc2 Qd8 23. Rd3 Bf8 24. Kh1 Rg6 25. Rad1 Qc8 26. Nf5 d5 27. Ne3 dxe4 28. Qxe4 f5 29. Qh4 Qb7 30. Rd8 Kg7 31. Bxf5 Be7 32. Qe4 Qxe4 33. Bxe4 Bxd8 34. Bxg6 Bh4 35. Bf5 Bxf2 36. Bxe6 fxe6 37. Rd7+ Kg6 38. Nc2 e4 39. Rd2 Rf5 40. g3 Bc5 41. Re2 Rf3 42. Kg2 Kf5 43. Ne1 Rc3 44. Nc2 a5 45. Kh3 e3 46. Kg2 Ke4 47. Ne1 e5 48. g4 Bd4 49. Kg3 Rc1 50. h4 Bc3 51. Ng2 Bd2 52. g5 Kd3 53. Nf4+ exf4+ 0-1

[Event "IND-chB (Women)"]
[Site "Shilpgram"]
[Date "2010.08.21"]
[Round "2"]
[White "Preethi, Rajkumar"]
[Black "Pammi, Rani"]
[Result "1-0"]
[WhiteElo "2109"]
[BlackElo "1644"]
[PlyCount "41"]
[EventDate "2010.08.20"]
[EventType "swiss"]
[EventRounds "11"]
[EventCountry "IND"]
[SourceTitle "CBM 138 Extra"]
[Source "ChessBase"]
[SourceDate "2010.10.29"]
[SourceVersion "1"]
[SourceVersionDate "2010.10.29"]
[SourceQuality "1"]

1. e4 c5 2. Nf3 d6 3. d4 cxd4 4. Nxd4 Nf6 5. Nc3 e6 6. Be3 Nc6 7. f3 Be7 8. Qd2 0-0 9. 0-0-0 Bd7 10. g4 e5 11. Nf5 Bxf5 12. exf5 a6 13. g5 Ne8 14. Nd5 b5 15. f6 gxf6 16. gxf6 Bxf6 17. Bb6 Qc8 18. Nxf6+ Kg7 19. Qg5+ Kh8 20. Rg1 Nc7 21. Qg7# 1-0